| 000 | 00827nam a2200229 i 4500 | ||
|---|---|---|---|
| 001 | 182647 | ||
| 003 | ES-MaACL | ||
| 005 | 20251218175316.0 | ||
| 008 | 131008s2012 sp |||| | spa d | ||
| 020 | _a821.134.2-92"19" | ||
| 080 | _a978-84-938524-0-5 | ||
| 100 | 1 |
_aMárquez Reviriego, Victor. _977033 |
|
| 245 | 1 | 0 |
_aAuténticas entrevistas falsas / _cVíctor Márquez Reviriego ; ilustraciones, David Pintor. |
| 260 |
_aMadrid : _bLeer, _c2012. |
||
| 300 |
_a385 p. : _bil. ; _c23 cm. |
||
| 500 | _aEn cub.: Presentación verdadera: José Bono ; auténtico prólogo falso: Pío Baroja. | ||
| 700 | 1 |
_aPintor, David, _d1975- _9153590 |
|
| 700 | 0 |
_aBono, José, _d1950- _930289 |
|
| 852 |
_aES-MaACL _jA-12800 _9189564 _bR.149018 _cDEPO1 _dOlim: N-5800 |
||
| 942 |
_2udc _cMONOGRAFIA |
||
| 999 |
_c182647 _d182647 |
||